000 00509nam a2200181Ia 4500
005 20250508154706.0
008 008 250505s9999 xx 000 0 eng d
037 _aReference
040 _aFEDL
_beng
_cFEDL
041 _aeng
_2eng
084 _a370.15, MOU
_qFEDL
100 _aMouly George J
245 0 _aPsychology for effective teaching
260 _aNew York, USA
_bHolt, Rinehart and Winston
_c1960
300 _axi,550p
942 _cREF
_h370.15, MOU
999 _c1351626
_d1351626